000 00686nam a2200229 i 4500
001 C2-0113059
003 PPAK
005 20180727104141.0
008 970630s1978 my a|||| ||||| | may d
040 _aPPAK
_beng
_cPPAK
_erda
082 0 4 _a394.309595119
_223
090 0 0 _a394.309595119
_bMKH
_dKIH
100 0 _aM. Khalid bin Haji Yusof,
_eauthor
245 1 0 _aKesenian kuda kepang
264 1 _aKuala Lumpur :
_bKementerian Kebudayaan Belia dan Sukan ,
_c1978
300 _a25 pages :
_billustrations ;
_c19 cm
336 _2rdacontent
_atext
337 _2rdamedia
_aunmediated
338 _2rdacarrier
_avolume
650 1 0 _aMalays - Social life and customs
942 _ddc
_cB
999 _c28606
_d28606